Les prénoms les plus populaires en Belgique depuis 1920 - Statistiques

Statistiques générales
  • Ce quiz a été pris 541 fois
  • Le résultat moyen est 9 sur 20
Statistiques - réponses
INDICE PRENOM % Correct
2 J Jean
88%
2 M Marie
85%
8 P Paul
71%
1 M Marc
68%
10 P Pierre
68%
7 P Philippe
56%
4 L Luc
53%
5 P Patrick
53%
3 M Michel
47%
5 A Anne
45%
6 I Isabelle
43%
3 N Nathalie
41%
7 C Christine
29%
1 M Maria
28%
8 N Nicole
28%
9 J Joseph
26%
4 M Monique
22%
6 J Jan
18%
10 J Jacqueline
16%
9 C Christiane
12%
Aucun quiz correspondant
Distribution des résultats
% des personnes avec chaque résultat
Percentile par nombre de réponses
Votre historique - résultats
Vous n’avez pas pris ce quiz